000 01504nam a22001577a 4500
008 150410b xxu||||| |||| 00| 0 eng d
020 _a9789930944387
082 _a709.972.86
_bCh 512c
100 _aChavaria Zamora, Maria Jose (curadora)
_92376
245 _aConstrucciones invenciones
_bde la Suiza Centroamericana al pais mas feliz del mundo
_cChavaria Zamora, Maria Jose (curadora), Resenterra Quiros, Fiorella (prologo), Artavia Vindas, Adriana (fotografa)
260 _aSan Jose, Costa Rica
_bMuseo de Arte y Diseño Contemporaneo MADC
_c2013
300 _a81 p.
_bill. (col)
_c21 cm.
505 _tLa Suiza Centroamericana
_rFiorella Resenterra
_tDe construcciones e invenciones
_rMaria Jose Chavarria
_tObras y sinopsis
_tTextos de los conversatorios en torno a la exposicion
_rVictor Hugo Acuña (Historiador), Pablo Hernández (filosofo), Marta Rosa Cardoso (Historiadora del arte), Javier Calvo (artista), Carlos Sojo (sociologo), Anna Matteucci (artista), Edgar León (artista), Mauricio Menjivar (sociologo), José Alberto Hernández (artista), Fernando Benach (artista), Roberto Guerrero (artista), Sergio Villena (sociologo), Emilia Villegas (artista), Jurgen Ureña (productor audiovisual), Pablo Ortega Rodriguez (productor audiovisual), Gabriela Hernández (productora audiovisual).
650 _xHistoria del arte-Costa Rica
_xarte-Costa Rica
_xCatalogos de arte
_92377
700 _a Maria Jose Chavaria Zamora (curadora), Fiorella Resenterra Quiros (prologo), Adriana Artavia Vindas,(fotografa)
_92378
999 _c509
_d509